000 00766nam a2200241 i 4500
001 129358
003 ES-MaACL
005 20250815095103.0
007 t|
008 070612s1969 sp ||||1| spa d
080 _a32(091.)(02)
100 1 _aTheimer, Walter.
_9109894
245 1 0 _aHistoria de las ideas políticas /
_cWalter Theimer ; traducida por J. Lacruz Berdejo.
250 _a[2ª ed.].
260 _aBarcelona :
_bAriel,
_c[1969]
300 _a549 p. ;
_c20 cm.
490 1 _aDemos. Colección de Ciencia Política
650 _aPolítica-
_vHistoria.
_9172015
700 1 _aLacruz Berdejo, José Luis.
_969414
830 0 _aDemos. Biblioteca de ciencia política
_9182643
852 _aES-MaACL
_jE-5924
_bR.90169
999 _c129358
_d129358